Fyodor Dostoevsky Novels - Sudden Death - Statistics

General Stats
  • This quiz has been taken 318 times
  • The average score is 7 of 13
Answers on the Grid
Answers color-coded by a green-red scale on the quiz's grid according to % correct below.
Poor Folk
The Double
Anna Karenina
Crime and Punishment
War and Peace
The Gambler
The Idiot
The Master and Margarita
The Brothers Karamazov
Dead Souls
Zuleikha
The House of the Dead
Doctor Zhivago
Humiliated and Insulted
The Village of Stepanchikovo
Cossacks
Fathers and Sons
The Eternal Husband
A Hero of Our Time
Demons
Oblomov
We
The Adolescent
Netochka Nezvanova
 
Answer Stats
Answer % Correct
Crime and Punishment
91%
The Brothers Karamazov
89%
The Idiot
83%
The Gambler
68%
Demons
52%
Poor Folk
51%
The Double
47%
The House of the Dead
39%
Humiliated and Insulted
32%
The Adolescent
31%
Netochka Nezvanova
29%
The Eternal Husband
25%
The Village of Stepanchikovo
25%
No matching quizzes found
Score Distribution
Percent of People with Each Score
Percentile by Number Answered
Your Score History
You have not taken this quiz